00513nam a22001697a 450000500170000001000150001702000260003203500140005803700130007208200170008510000230010224500400012526000450016527000640021030000180027450000510029220200218113418.0 aENG-127894 c325.00a9780199492794 aEN-111426 bDBAD/PUB a306.87430954 aMajumdar, Anindita aSurroggacy :cby Anindita Majumdar aNew Delhic2019bOxford University Press a2/11 Ground Floor,Ansari Road,Dariyaganje110002bNew Delhi a144p.b19(hb) aincludes bibliographical references and index